000 00739nam a2200205 a 4500
005 20240411063700.0
008 061127s2002 mx r 000 0 spa d
020 _a9586990443
035 _aUPN01000148220
049 _aCG
050 4 _aQA76.9 D3
_bS5.7
100 1 _aSisa, Alberto Jaime
245 1 0 _aEstructuras de datos y algoritmos :
_bcon énfasis en programación orientada a objetos /
_cAlberto Jaime Sisa.
260 _aBogotá :
_bPearson educación :
_cc2002.
300 _a310 p. +
_e1 CD-ROM ; 4 3/4 plg.
500 _aEl CD-ROM incluye biblioteca de programas desarrollados en el libro en lenguaje Java y Turbo C++
650 4 _aESTRUCTURAS DE DATOS (COMPUTACION)
_96426
650 2 _aAlgoritmos
_92187
905 _aLibro
999 _c120362
_d120362